| 000 | 00368nam a2200133Ia 4500 | ||
|---|---|---|---|
| 008 | 240521s1999 xx 000 0 und d | ||
| 020 | _a1-85293-172-8 | ||
| 041 | _aeng | ||
| 082 | _a712.09 | ||
| 100 | _aPREECE R.A. | ||
| 245 | _aDESIGN ON THE LANDSCAPE:-EVERYDAY LANDSCAPES, VALUES, AND PRACTICE | ||
| 260 |
_bC.B.S. PUBLISERS 8D DELHI- 32 _c1999 |
||
| 300 | _a283 | ||
| 999 |
_c1157855 _d1157855 |
||